LEADER 01076nam a2200277 4500 001 000000360484 003 CaOOAMICUS 005 20241105155946.0 008 241028s2024 it 000 u ita r 020 $a978-88-314-0443-3 040 $aSeMil$bita 245 00$aIvo Lizzola :$bsui confini in cerca di senso e giustizia. 264 1$aBergamo :$bACLI,$cstampa 2024. 300 $a89 p. ;$c18 cm 490 1 $aProfili 541 0 $aOmaggio mons. Mario Delpini (5D IV 2/18) 650 4$aLizzola, Ivo <1954- > - Interviste.$0(OLS)http://semarc/subject/53877 830 0$aProfili.$0(OLS)http://semarc/title/10268 850 $aSeMil 852 $aSeMil$W1$xVenegono$y1$m5D IV 2/18$j252066$B251494$CSeMilBibl$Z2$F251494 $81 941 1 $a7 961 $aOmaggio mons. Mario Delpini 996 $6020$a978-88-314-0443-3$9(OLS)http://semarc/number/301643 996 $6245$aIvo Lizzola :$bsui confini in cerca di senso e giustizia$9(OLS)http://semarc/title/450991 996 $6264$aBergamo :$bACLI$9(OLS)http://semarc/publisher/61944 LEADER 01481nam a2200217 i 4500 001 000000236842 003 CaOOAMICUS 005 20141211000000.0 008 141211s1721 it u000 u fre u 013 $a215747 026 $aes3. t,m- neue unLa (3) 1721 (R) 040 $aSeMil$bita 245 10$aTome sixième. Suite de la quatrième partie, qui comprend toutes les differentes congregations, les ordres militaires, & les chanoinesses qui ont été soumises à la regle de S. Benoît. 300 $a[8], 446, [26] p., 100 carte di tav. :$bill. 500 $aTav. calcogr. incise da P. Giffart, S. Thomassin, C. Duflos. 773 0 $aHelyot, Pierre$tHistoire des ordres monastiques, religieux et militaires, et des congregations seculieres de l'un & de l'autre sexe, qui ont ésté éstablies jusqu'à present; ... Avec des figures qui representent tous les differens habillemens de ces ordres & de ces congregations. Tome 1. [-8.].$dA Paris : Chez Jean-Baptiste Coignard, imprimeur & libraire oridaire du Roy, & de l'Académie Françoise, rue saint Jacques, 1721.$g6$w()30230 850 $aSeMil 852 $aSeMil$W1$xVenegono$y1$m3A V 44 FA$j187188$B187188$CSeMilBibl$Z2$F198027 $8I 941 1 $a10 961 $aRecupero: Mantegazza 996 $6245$aTome sixième. Suite de la quatrième partie, qui comprend toutes les differentes congregations, les ordres militaires, & les chanoinesses qui ont été soumises à la regle de S. Benoît$9(OLS)http://semarc/title/337514